| 000 | 00541nam a2200193 a 4500 | ||
|---|---|---|---|
| 001 | 1771665851151 | ||
| 003 | YourLibrary | ||
| 005 | 20260221145718.0 | ||
| 008 | 260221s1996##################000#0#eng## | ||
| 020 | _a9780333610671 | ||
| 082 | 0 | 4 |
_a338.4762 _bDEY |
| 100 | 1 |
_aDeyo, Frederic C., _eauthor. |
|
| 245 | 1 | 0 | _aSocial Reconstructions of the World Automobile Industry : |
| 260 |
_bPalgrave Macmillan, _c1996. |
||
| 300 | _a311 pages | ||
| 650 | 0 | _aPolitical Science. | |
| 942 | _cENGLISH | ||
| 040 |
_aYourLibrary _beng _cYourLibrary |
||
| 999 |
_c615178 _d615178 |
||